Štúdia k vybraným problémom hmotného stimulovania v riadení ekonomických subjektov fakultná výskumná úloha č. F 3511

Saved in:
Bibliographic Details
Main Author: Stračárová, Eva
Format: Book
Language:Slovak
Published: Bratislava Vysoká škola ekonomická 1984
Tags: Add Tag
No Tags, Be the first to tag this record!

MARC

LEADER 00000nam a2200000 4500
001 c116400
005 20250703113408.3
041 0 |a slo 
044 |a SK 
245 1 0 |a Štúdia k vybraným problémom hmotného stimulovania v riadení ekonomických subjektov  |b fakultná výskumná úloha č. F 3511  |c Eva Stračárová 
264 1 |a Bratislava  |b Vysoká škola ekonomická  |c 1984 
300 |a 62 s. 
100 1 |a Stračárová, Eva